Como agua para chocolate: Novela de entregas mensuales con recetas, amores y remedios caseros / Laura Esquivel (Registro nro. 431)
[ vista simple ]
| 000 -LEADER | |
|---|---|
| fixed length control field | 00508nam a22001811a 4500 |
| 001 - CONTROL NUMBER | |
| control field | 431 |
| 003 - CONTROL NUMBER IDENTIFIER | |
| control field | OSt |
| 005 - DATE AND TIME OF LATEST TRANSACTION | |
| control field | 20260204211652.0 |
| 008 - FIXED-LENGTH DATA ELEMENTS--GENERAL INFORMATION | |
| fixed length control field | 031127s199 ||||x ||||||b||||||||||x || |
| 050 ## - LIBRARY OF CONGRESS CALL NUMBER | |
| Classification number | 863.44 E69c |
| 082 ## - DEWEY DECIMAL CLASSIFICATION NUMBER | |
| Classification number | 808.83 E69c |
| 100 ## - ASIENTO PRINCIPAL -- NOMBRE PERSONAL | |
| Personal name | Esquivel, Laura |
| 245 ## - TÍTULO PROPIAMENTE DICHO: SUBTÍTULO | |
| Title | Como agua para chocolate: Novela de entregas mensuales con recetas, amores y remedios caseros / Laura Esquivel |
| 264 ## - PRODUCTION, PUBLICATION, DISTRIBUTION, MANUFACTURE, AND COPYRIGHT NOTICE | |
| Place of production, publication, distribution, manufacture | (S.L.): (S.N) |
| 300 ## - PHYSICAL DESCRIPTION | |
| Extensión | 244 p. |
| 650 ## - ASIENTO SECUNDARIO DE MATERIA -- TERMINO TEMÁTICO | |
| Termino Temático Como Elemento de Entrada | 1.Novela Breve 2.Remedios CaseroÌ |
| 942 ## - ADDED ENTRY ELEMENTS (KOHA) | |
| Source of classification or shelving scheme | Dewey Decimal Classification |
| Koha item type | Libros |
| Withdrawn status | Lost status | Source of classification or shelving scheme | Damaged status | Not for loan | Current library | Date acquired | Total Checkouts | Full call number | Barcode | Date last seen | Price effective from | Koha item type | Date last checked out |
|---|---|---|---|---|---|---|---|---|---|---|---|---|---|
| Dewey Decimal Classification | Biblioteca UTECO | 09/09/2019 | 863.44 E69C | 006719 | 09/09/2019 | 09/09/2019 | Libros | ||||||
| Dewey Decimal Classification | Biblioteca UTECO | 09/09/2019 | 863.44 E69C | 005453 | 09/09/2019 | 09/09/2019 | Libros | ||||||
| Dewey Decimal Classification | Biblioteca UTECO | 09/09/2019 | 1 | 863.44 E69C | 009876 | 07/28/2023 | 09/09/2019 | Libros | 07/28/2023 |
